000 00727nam a2200289Ia 4500
005 20260324124505.0
008 008 260324s9999 xx 000 0 eng d
020 _a9781315554495
037 _aEBOOK
040 _aCRL
040 _beng
040 _cCRL
041 _2eng
041 _aeng
084 _qCRL
100 _aSherry S. Marcellin
_91174356
245 4 _aThe Political Economy of Pharmaceutical Patents
245 0 _bUS Sectional Interests and the African Group at the WTO
260 _bTaylor and Francis
260 _c2010
365 _a
365 _b240
856 _uhttp://www.taylorfrancis.com/books/9781315554495
942 _cEBOOK
999 _c1768772
_d1768772